000 00301nam a22001337a 4500
008 170413b xxu||||| |||| 00| 0 eng d
020 _a0845151371
041 _aeng
080 _a612.39
100 _a10
101 _aSHM
245 _aDIETARY RESTRICTION AND AGING
_cSNYDER, D.L
942 _2udc
_cBK
999 _c10637
_d10637